000 00216nam a2200085Ia 4500
008 120527s9999 xx 000 0 und d
100 _aTintner, Gerhard
245 _aMathematics and statistic for Economist
942 _cBK
999 _c27819
_d27819